Auditoría eléctrica en los edificios de Postgrado UNI-DEPEC, edificio de la Biblioteca Esmán Marín y edificio Instituto de Estudios Superiores IES ubicado en el costado norte de la Universidad Nacional de Ingeniería Recinto Universitario Simón Bolívar
El presente trabajo expone los hallazgos, análisis y propuestas de mejoras energéticas en base a la auditoria eléctrica realizada en los edificios Biblioteca Esmán Marín, Post-grado y UNI IES de la universidad nacional de ingeniería recinto universitario Simón Bolívar.
| Main Authors: | , |
|---|---|
| Other Authors: | |
| Format: | Tesis Section = Libro |
| Language: | Undetermined Spanish |
| Published: |
Managua
UNI
2019
|
| Subjects: |
| LEADER | 01269nam a2200265Ia 4500 | ||
|---|---|---|---|
| 008 | 240830s9999 xx 000 0 und d | ||
| 040 | |a BIBLIOTECA-RUSB/ Mon 621.31 C266 | ||
| 041 | |a spa | ||
| 082 | |a Mon 621.31 C266 | ||
| 100 | 1 | |a Cárdenas Larios, Lenin Agustín | |
| 100 | 1 | |b Flores, Julio Mauricio | |
| 245 | 1 | 0 | |a Auditoría eléctrica en los edificios de Postgrado UNI-DEPEC, edificio de la Biblioteca Esmán Marín y edificio Instituto de Estudios Superiores IES ubicado en el costado norte de la Universidad Nacional de Ingeniería Recinto Universitario Simón Bolívar |
| 260 | |a Managua |b UNI |c 2019 | ||
| 300 | |a 52 p. :il. | ||
| 500 | |a Contiene: anexos y CD. | ||
| 502 | |a Tesis (Ingeniero Eléctrico) - UNI, 2019. | ||
| 520 | 3 | |a El presente trabajo expone los hallazgos, análisis y propuestas de mejoras energéticas en base a la auditoria eléctrica realizada en los edificios Biblioteca Esmán Marín, Post-grado y UNI IES de la universidad nacional de ingeniería recinto universitario Simón Bolívar. | |
| 650 | 7 | |a AUDITORIA ENERGETICA | |
| 650 | 7 | |b CONSUMO ENERGETICO | |
| 650 | 7 | |c ENERGIA ELECTRICA | |
| 650 | 7 | |d AHORRO ENERGETICO | |
| 700 | 1 | |a Tutor: |b Canales, Julio Noel | |
| 942 | |c BK |2 ddc | ||
| 991 | |a TESIS | ||
| 999 | |c 20086 | ||